Smash Ultimate. Everyone is here ! - Statistiques

Statistiques générales
  • Ce quiz a été pris 27 fois
  • Le résultat moyen est 70 sur 89
Statistiques - réponses
# Nom % Correct
14 Bowser
100%
13e Daisy
100%
2 Donkey Kong
100%
6 Kirby
100%
3 Link
100%
9 Luigi
100%
1 Mario
100%
13 Peach
100%
8 Pikachu
100%
4 Samus
100%
17 Zelda
100%
19 Pichu
96%
4e Samus Sombre
96%
30 Wario
96%
58 Bowser Jr.
91%
11 Captain Falcon
91%
36 Diddy kong
91%
35- Dracaufeu
91%
71 Joker
91%
60e Ken
91%
21e Lucina
91%
27 Meta Knight
91%
10 Ness
91%
50 Amphinobi
87%
33- Carapuce
87%
7 Fox
87%
23 Ganondorf
87%
34- Herbizarre
87%
22 Link Enfant
87%
21 Marth
87%
24 Mewtwo
87%
12 Rondoudou
87%
29 Samus Sans Armure
87%
16 Sheik
87%
77 Steve
87%
63 Bayonetta
83%
20 Falco
83%
69 Félinferno
83%
15 Ice Climbers
83%
32 Ike
83%
43 Link Cartoon
83%
37 Lucas
83%
79 Pyra
83%
65 Ridley
83%
39 Roi Dadidou
83%
25 Roy
83%
60 Ryu
83%
61 Cloud
78%
68 Marie
78%
76 Min Min
78%
26 Mr. Game & Watch
78%
44 Wolf
78%
5 Yoshi
78%
81 Kazuya
74%
46 Mega Man
74%
28 Pit
74%
28e Pit Maléfique
74%
42 R.O.B.
74%
31 Snake
74%
38 Sonic
74%
45 Villageois
74%
25e Chrom
70%
62 Corrin
70%
64 Inkling
70%
41 Lucario
70%
80 Mythra
70%
55 Pac-Man
70%
70 Plante Piranha
70%
78 Séphiroth
70%
66 Simon
70%
82 Sora
70%
73 Banjo & Kazooie
65%
59 Duo Duck Hunt
65%
54 Palutena
65%
66e Richter
65%
57 Shulk
65%
47 Wii Fit
65%
67 King K. Rool
61%
75 Byleth
57%
56 Daraen
57%
18 Dr. Mario
57%
49 Little Mac
57%
74 Terry
57%
72 Héros
52%
40 Olimar
52%
48 Harmonie & Luma
39%
52- Mii Epéiste
39%
51- Mii Boxeur
35%
53- Mii Tireur
35%
Aucun quiz correspondant
Distribution des résultats
% des personnes avec chaque résultat
Percentile par nombre de réponses
Votre historique - résultats
Vous n’avez pas pris ce quiz